Religion Quiz

Random Religion or Islam Quiz

Golden Rule in Religion and Philosophy Quiz Stats

Quiz not verified by Sporcle

Challenge
Share
Tweet
Embed
Score 0/30 Timer 08:00
0 Plays Today
% Correct
Christianity
79.5%
John Lennon
71.8%
Immanuel Kant
69.2%
Incas
66.7%
Roman Paganism
66.7%
John Stuart Mill
66.7%
Islam
64.1%
Judaism
64.1%
Baha'i
61.5%
Yoruba
59%
Seneca
59%
Thomas Hobbs
59%
Socrates
56.4%
Epictetus
53.8%
Sikhism
51.3%
% Correct
Wicca
51.3%
Plato
51.3%
Confucianism
48.7%
Native American Spirituality
48.7%
Shinto
48.7%
Taoism
48.7%
Ancient Egyptian
43.6%
Hinduism
43.6%
Brahmanism
41%
Buddhism
38.5%
Satanism
35.9%
Unitarianism
35.9%
Sufism
33.3%
Jainism
30.8%
Zoroastrianism
25.6%

You're not logged in!

Compare scores with friends on all Sporcle quizzes.
Sign Up with Email
OR
Log In

You Might Also Like...

Show Comments

Extras

Top Quizzes Today


Score Distribution

Your Account Isn't Verified!

In order to create a playlist on Sporcle, you need to verify the email address you used during registration. Go to your Sporcle Settings to finish the process.